Contribución al estudio de nuestra toponimia /

Guardado en:
Autor Principal: Deletang, Luis F.
Formato: Libro
Idioma:Spanish
Publicado: Buenos Aires : Universidad, Facultad de filosofía y letras, 1931.
Etiquetas: Agregar Etiqueta
Sin Etiquetas, Sea el primero en etiquetar este registro!
LEADER 00480nam a22001455a 4500
001 EUN.um052692
003 AR-BaUNS
005 20050623122918.0
008 041125s1931####ag############000#0#spa#d
245 1 0 |a Contribución al estudio de nuestra toponimia /  |c Luis F. Deletang. 
260 |a Buenos Aires :  |b Universidad, Facultad de filosofía y letras,  |c 1931. 
300 |a 2 v. 
100 1 |a Deletang, Luis F. 
082 0 4 |a 982.07 
859 |a Ar-BaUNS  |b BIB. CENTRAL - Sector C  |h 982.07  |i D378  |p 85835/981  |v v.2